000
00313nam a2200145Ia 4500
008
191201s2007 xx 000 0 und d
082
_a
332
_b
KHF
100
_a
KHAN, M Y
245
0
_a
Financial Services
250
_a
3rd
260
_a
N.Delhi
_b
TMH
_c
2007
300
_a
16.88
650
_a
MBA
942
_2
ddc
_c
BK
999
_c
2906
_d
2906